[Event "TNT April op"]
[Site "Winnipeg CAN"]
[Date "2003.04.01"]
[Round "1"]
[White "Greenberg, Harley"]
[Black "Gibson, Fred"]
[Result "1-0"]
[WhiteElo "1766"]
[BlackElo "1141"]
[PlyCount "33"]
[EventDate "2003.04.01"]
[EventType "swiss"]
[EventRounds "4"]
[EventCountry "CAN"]
[Source "ChessBase"]
[SourceDate "2003.11.25"]

1. d4 d5 2. c4 c6 3. Nc3 Nf6 4. Nf3 g6 5. g3 Bg7 6. Bg2 O-O 7. O-O Ne4 8. Ne5
Nd7 9. cxd5 cxd5 10. Nxd5 f5 11. Nf4 Nxe5 12. dxe5 Bxe5 13. Qb3+ Kh8 14. Be3 b6
15. Rfd1 Bd7 16. Qd5 Bf6 17. Qxd7 1-0

[Event "TNT April op"]
[Site "Winnipeg CAN"]
[Date "2003.04.01"]
[Round "1"]
[White "Lipnowski, Samuel"]
[Black "Kohalmi, Andy"]
[Result "1-0"]
[WhiteElo "2076"]
[BlackElo "1506"]
[PlyCount "49"]
[EventDate "2003.04.01"]
[EventType "swiss"]
[EventRounds "4"]
[EventCountry "CAN"]
[Source "ChessBase"]
[SourceDate "2003.11.25"]

1. e4 c5 2. Nf3 Nc6 3. d4 cxd4 4. Nxd4 Nf6 5. Nc3 e6 6. Ndb5 d6 7. Bf4 e5 8.
Bg5 a6 9. Na3 Be7 10. Nc4 b5 11. Bxf6 gxf6 12. Ne3 Qb6 13. Ncd5 Qa7 14. Be2 h5
15. Bxh5 Be6 16. Bg4 Rg8 17. O-O O-O-O 18. a4 b4 19. c3 bxc3 20. Rc1 Qd4 21.
Rxc3 Kd7 22. Rxc6 Qxd1 23. Rc7+ Ke8 24. Rxe7+ Kf8 25. Bxd1 1-0

[Event "TNT April op"]
[Site "Winnipeg CAN"]
[Date "2003.04.01"]
[Round "1"]
[White "Toews, Brian"]
[Black "Cleto, Sam"]
[Result "0-1"]
[WhiteElo "1222"]
[BlackElo "1881"]
[PlyCount "38"]
[EventDate "2003.04.01"]
[EventType "swiss"]
[EventRounds "4"]
[EventCountry "CAN"]
[Source "ChessBase"]
[SourceDate "2003.11.25"]

1. e4 c6 2. Nf3 d5 3. exd5 cxd5 4. d4 Nc6 5. Be3 Nf6 6. Nbd2 Qb6 7. b3 Ng4 8.
c3 Bf5 9. Nh4 Nxe3 10. fxe3 Bd7 11. Qc2 Rc8 12. Nhf3 g6 13. Bd3 Bh6 14. e4 O-O
15. exd5 Nb4 16. Qb1 Rxc3 17. Nc4 Nxd3+ 18. Ke2 Nf4+ 19. Kd2 Nxd5+ 0-1

[Event "TNT April op"]
[Site "Winnipeg CAN"]
[Date "2003.04.01"]
[Round "1"]
[White "Zaczek, Jonathan"]
[Black "Schulz, Waldemar"]
[Result "0-1"]
[WhiteElo "1504"]
[BlackElo "2060"]
[PlyCount "72"]
[EventDate "2003.04.01"]
[EventType "swiss"]
[EventRounds "4"]
[EventCountry "CAN"]
[Source "ChessBase"]
[SourceDate "2003.11.25"]

1. e4 c5 2. Nf3 e6 3. d4 cxd4 4. Nxd4 Nf6 5. Nc3 d6 6. g4 Nc6 7. Bb5 Qc7 8. f4
a6 9. g5 Nd7 10. Ba4 Nc5 11. Be3 Nxa4 12. Nxa4 b5 13. Nxc6 Qxc6 14. Nb6 Qxe4
15. Ke2 Rb8 16. Kf2 Bb7 17. Rg1 Be7 18. a4 Bc6 19. a5 O-O 20. Rg4 Rfd8 21. Qe2
Qf5 22. Rc1 d5 23. c3 Be8 24. Bd4 Rb7 25. h4 f6 26. gxf6 Bxf6 27. Bxf6 Qxf6 28.
Qe3 Bg6 29. Re1 Be4 30. b3 Rf7 31. c4 h5 32. Rg5 Qxf4+ 33. Qxf4 Rxf4+ 34. Kg1
bxc4 35. bxc4 dxc4 36. Rxh5 Rd2 0-1

[Event "TNT April op"]
[Site "Winnipeg CAN"]
[Date "2003.04.08"]
[Round "2"]
[White "Anderson, Collin"]
[Black "Kwiatek, Jordan"]
[Result "1-0"]
[WhiteElo "1685"]
[BlackElo "1729"]
[PlyCount "120"]
[EventDate "2003.04.01"]
[EventType "swiss"]
[EventRounds "4"]
[EventCountry "CAN"]
[Source "ChessBase"]
[SourceDate "2003.11.25"]

1. d4 Nf6 2. c4 g6 3. Nc3 Bg7 4. e4 d6 5. f3 O-O 6. Be3 Nbd7 7. Nh3 a5 8. Be2
e5 9. O-O exd4 10. Bxd4 Nc5 11. Bxc5 dxc5 12. Nf2 Be6 13. Qb3 b6 14. Rad1 Qe7
15. e5 Nh5 16. Nd3 Qh4 17. g4 Nf4 18. Rde1 Rfd8 19. Qc2 Nh3+ 20. Kg2 Bxc4 21.
Nf2 Nf4+ 22. Kh1 Nxe2 23. Nxe2 Bxe5 24. f4 Bxe2 25. Qxe2 Bxf4 26. Ne4 Be5 27.
g5 Re8 28. Qg2 Bxb2 29. Qf3 Rf8 30. Re2 Rae8 31. Rfe1 Rxe4 32. Rxe4 Qxg5 33. a4
Qd5 34. Kg2 f5 35. Re7 Qxf3+ 36. Kxf3 Rf7 37. R7e6 Kg7 38. Kf4 h6 39. h4 Bf6
40. Kg3 g5 41. h5 c4 42. R1e2 c3 43. Kf3 Rd7 44. Rc6 Rd3+ 45. Kg2 Rd2 46. Rxc7+
Kf8 47. Kf2 Rxe2+ 48. Kxe2 g4 49. Rc6 Bg5 50. Rxc3 f4 51. Rc6 f3+ 52. Kf2 Bh4+
53. Kf1 Bg5 54. Rxb6 g3 55. Rb3 f2 56. Rxg3 Ke7 57. Rd3 Ke6 58. Kxf2 Kf7 59.
Rd6 Kg7 60. Kf3 Be7 1-0

[Event "TNT April op"]
[Site "Winnipeg CAN"]
[Date "2003.04.08"]
[Round "2"]
[White "Bays, Derek"]
[Black "Anderson, George"]
[Result "1/2-1/2"]
[WhiteElo "1521"]
[BlackElo "1535"]
[PlyCount "114"]
[EventDate "2003.04.01"]
[EventType "swiss"]
[EventRounds "4"]
[EventCountry "CAN"]
[Source "ChessBase"]
[SourceDate "2003.11.25"]

1. e4 d6 2. d4 e5 3. dxe5 dxe5 4. Qxd8+ Kxd8 5. c4 Bc5 6. Nf3 f6 7. Nc3 Nc6 8.
Be2 Bg4 9. O-O a6 10. Bd2 Nge7 11. Rad1 Ke8 12. Nd5 Nxd5 13. cxd5 Bxf3 14. Bxf3
Nd4 15. Kh1 Kf7 16. Be3 b6 17. Rc1 h5 18. Bd1 Bd6 19. f4 Kg6 20. g4 hxg4 21.
Bxg4 f5 22. exf5+ Nxf5 23. Bxf5+ Kxf5 24. fxe5+ Kxe5 25. Bf4+ Kxd5 26. Rfd1+
Ke6 27. Bxd6 cxd6 28. Rc6 Rhd8 29. h4 b5 30. Rb6 Rd7 31. Kg2 Raa7 32. Kf3 Ke5
33. b4 Rf7+ 34. Ke3 Rf6 35. Rg1 d5 36. Rg5+ Rf5 37. Rxf5+ Kxf5 38. Kd4 Kg4 39.
Kxd5 Kxh4 40. Rg6 Kh5 41. Rg1 g5 42. Ke6 Rg7 43. Kf6 Rg8 44. Kf5 Kh4 45. Rg4+
Kh3 46. Rxg5 Rf8+ 47. Ke4 Rf2 48. a3 Rb2 49. Rh5+ Kg4 50. Rh6 a5 51. bxa5 Rb3
52. Rg6+ Kh5 53. Rb6 Rxa3 54. Rxb5+ Kg6 55. Kd5 Kf5 56. Kc4+ Ke6 57. Kb4 Rd3
1/2-1/2

[Event "TNT April op"]
[Site "Winnipeg CAN"]
[Date "2003.04.08"]
[Round "2"]
[White "Cleto, Sam"]
[Black "Lipnowski, Samuel"]
[Result "0-1"]
[WhiteElo "1881"]
[BlackElo "2076"]
[PlyCount "92"]
[EventDate "2003.04.01"]
[EventType "swiss"]
[EventRounds "4"]
[EventCountry "CAN"]
[Source "ChessBase"]
[SourceDate "2003.11.25"]

1. Nf3 c5 2. c4 g6 3. Nc3 Bg7 4. g3 Nc6 5. Bg2 Nh6 6. O-O Nf5 7. e3 O-O 8. Rb1
Rb8 9. a3 b6 10. b4 d6 11. b5 Ne5 12. Qe2 Bb7 13. Bb2 e6 14. a4 Nxf3+ 15. Bxf3
d5 16. Nd1 dxc4 17. Bxg7 Bxf3 18. Qxf3 Kxg7 19. Nc3 Qxd2 20. Ne4 Qd8 21. Rfd1
Qe7 22. g4 Nh4 23. Qg3 Rbd8 24. g5 c3 25. Qxh4 c2 26. Qh6+ Kh8 27. Rdc1 cxb1=Q
28. Rxb1 f5 29. gxf6 Rxf6 30. Qg5 Rf7 31. Qe5+ Kg8 32. Ng5 Rf5 33. Qxe6+ Qxe6
34. Nxe6 Rd2 35. Rf1 g5 36. Kg2 Kf7 37. Nc7 c4 38. e4 Rf4 39. e5 c3 40. e6+ Ke7
41. Rc1 Rfxf2+ 42. Kh3 c2 43. a5 Rd1 44. axb6 axb6 45. Nd5+ Rxd5 46. Rxc2 Rxc2
0-1

[Event "TNT April op"]
[Site "Winnipeg CAN"]
[Date "2003.04.08"]
[Round "2"]
[White "Estabrooks, Mike"]
[Black "Czypinski, Jaroslaw"]
[Result "0-1"]
[WhiteElo "1708"]
[BlackElo "1959"]
[PlyCount "150"]
[EventDate "2003.04.01"]
[EventType "swiss"]
[EventRounds "4"]
[EventCountry "CAN"]
[Source "ChessBase"]
[SourceDate "2003.11.25"]

1. f4 b6 2. Nf3 Bb7 3. e3 e6 4. Be2 Nf6 5. d3 Be7 6. O-O O-O 7. c4 c5 8. Nc3 d5
9. cxd5 Nxd5 10. e4 Nxc3 11. bxc3 c4 12. Be3 cxd3 13. Bxd3 Na6 14. e5 Nc5 15.
Bc2 Qxd1 16. Raxd1 Rfd8 17. Rd4 Rxd4 18. Bxd4 Bd5 19. Rf2 Rc8 20. Re2 h6 21.
Bb1 Kf8 22. Kf2 Na4 23. Re3 Nb2 24. Kg3 Nc4 25. Re2 Na3 26. Bd3 Bc4 27. Rd2
Bxd3 28. Rxd3 Nc4 29. Ne1 Ke8 30. Nc2 Nb2 31. Rd2 Na4 32. Rd3 Bc5 33. Ne1 Bxd4
34. cxd4 Rc3 35. Rxc3 Nxc3 36. a3 Ne2+ 37. Kf3 Nxd4+ 38. Ke3 Nb3 39. Nc2 Kd7
40. Kd3 Nc1+ 41. Kd2 Nb3+ 42. Kc3 Nc5 43. Kd4 a5 44. Ne3 Kc6 45. f5 exf5 46.
Nxf5 Ne6+ 47. Ke4 Kc5 48. Ne3 b5 49. g3 Ng5+ 50. Kd3 Nf3 51. Ke4 Nd2+ 52. Kf5
Nc4 53. Nc2 Kd5 54. e6 Nd6+ 55. Kf4 Kxe6 56. Ne3 b4 57. axb4 axb4 58. Nc2 g5+
59. Kg4 f5+ 60. Kf3 b3 61. Nd4+ Kd5 62. Nxb3 Nc4 63. h3 h5 64. Nc1 Nd2+ 65. Ke3
Nc4+ 66. Kf3 Kd4 67. Nb3+ Kd5 68. Nc1 Ne5+ 69. Ke3 Kc4 70. Ne2 Nc6 71. Ng1 Nd4
72. Nf3 Nxf3 73. Kxf3 Kd4 74. g4 hxg4+ 75. hxg4 f4 0-1

[Event "TNT April op"]
[Site "Winnipeg CAN"]
[Date "2003.04.08"]
[Round "2"]
[White "Gibson, Fred"]
[Black "Zaczek, Jonathan"]
[Result "0-1"]
[WhiteElo "1141"]
[BlackElo "1504"]
[PlyCount "34"]
[EventDate "2003.04.01"]
[EventType "swiss"]
[EventRounds "4"]
[EventCountry "CAN"]
[Source "ChessBase"]
[SourceDate "2003.11.25"]

1. d4 Nf6 2. c4 g6 3. Nc3 Bg7 4. e4 d6 5. Be2 O-O 6. Nf3 Nbd7 7. Be3 e5 8. d5
c6 9. Qd2 cxd5 10. Nxd5 Nxe4 11. Qc1 Ndc5 12. Bh6 Bg4 13. Qe3 f5 14. g3 f4 15.
gxf4 Bxh6 16. O-O-O Rxf4 17. Nxf4 Bxf4 0-1

[Event "TNT April op"]
[Site "Winnipeg CAN"]
[Date "2003.04.08"]
[Round "2"]
[White "Kohalmi, Andy"]
[Black "Toews, Brian"]
[Result "0-1"]
[WhiteElo "1506"]
[BlackElo "1228"]
[PlyCount "66"]
[EventDate "2003.04.01"]
[EventType "swiss"]
[EventRounds "4"]
[EventCountry "CAN"]
[Source "ChessBase"]
[SourceDate "2003.11.25"]

1. d4 d5 2. c4 e6 3. Nf3 Nc6 4. Nc3 Nf6 5. Bf4 Bb4 6. e3 O-O 7. Qc2 b6 8. Bd3
g6 9. O-O Bb7 10. cxd5 exd5 11. Bg5 Bxc3 12. bxc3 Re8 13. e4 dxe4 14. Bxe4 Qd6
15. Bxf6 Qxf6 16. Rfe1 Re7 17. Rad1 Rae8 18. h4 Nb4 19. cxb4 Bxe4 20. Rxe4 Rxe4
21. Qxc7 R8e7 22. Qd8+ Kg7 23. d5 Rxb4 24. d6 Re1+ 25. Nxe1 Qxd8 26. Nf3 Ra4
27. Rd2 b5 28. Ne5 Rxh4 29. d7 Rc4 30. Nxc4 bxc4 31. Kf1 c3 32. Rc2 Qxd7 33.
Rxc3 Qd1# 0-1

[Event "TNT April op"]
[Site "Winnipeg CAN"]
[Date "2003.04.08"]
[Round "2"]
[White "Rutter, Blair"]
[Black "Pottinger, Carl"]
[Result "1-0"]
[WhiteElo "1703"]
[BlackElo "1582"]
[PlyCount "119"]
[EventDate "2003.04.01"]
[EventType "swiss"]
[EventRounds "4"]
[EventCountry "CAN"]
[Source "ChessBase"]
[SourceDate "2003.11.25"]

1. d4 d5 2. c4 Nf6 3. Nc3 g6 4. h3 Bg7 5. Bf4 c6 6. e3 O-O 7. Nf3 Re8 8. Be2
dxc4 9. Bxc4 Nd5 10. Bg3 Be6 11. Qb3 b5 12. Bxd5 Bxd5 13. Nxd5 Qxd5 14. Qxd5
cxd5 15. Rc1 Nd7 16. Rc7 Nb6 17. Ke2 e6 18. Rhc1 Rec8 19. Ng5 Rxc7 20. Rxc7 Rc8
21. b3 Rxc7 22. Bxc7 Nc8 23. Kd3 Ne7 24. Kc3 Nc6 25. Bd6 h6 26. Nf3 f6 27. Ne1
Bf8 28. Bxf8 Kxf8 29. Nd3 Ke7 30. a4 bxa4 31. b4 Kd6 32. b5 Na5 33. Kb4 Nc4 34.
Kxa4 e5 35. Kb4 e4 36. Nf4 g5 37. Ne2 Nb6 38. g4 Na8 39. Ng3 Nb6 40. Nf5+ Ke6
41. Nxh6 Nc4 42. Kb3 Nd6 43. Kb4 Nc4 44. Nf5 Nb2 45. h4 Nd3+ 46. Ka5 gxh4 47.
Nxh4 Nxf2 48. Ng2 Nxg4 49. Ka6 Nh6 50. Kxa7 Nf7 51. b6 Nd6 52. Nf4+ Kd7 53.
Nxd5 f5 54. b7 Nxb7 55. Kxb7 Ke6 56. Nf4+ Kf6 57. Kc6 Kg5 58. d5 Kg4 59. d6 Kf3
60. Nd5 1-0

[Event "TNT April op"]
[Site "Winnipeg CAN"]
[Date "2003.04.08"]
[Round "2"]
[White "Schulz, Waldemar"]
[Black "Greenberg, Harley"]
[Result "1-0"]
[WhiteElo "2060"]
[BlackElo "1766"]
[PlyCount "61"]
[EventDate "2003.04.01"]
[EventType "swiss"]
[EventRounds "4"]
[EventCountry "CAN"]
[Source "ChessBase"]
[SourceDate "2003.11.25"]

1. d4 Nf6 2. c4 e6 3. g3 c5 4. Nf3 cxd4 5. Nxd4 Nc6 6. Bg2 a6 7. O-O Bc5 8. Nb3
Be7 9. Nc3 O-O 10. e4 d6 11. Be3 Ne5 12. c5 Nc4 13. cxd6 Bxd6 14. Bg5 h6 15.
Bc1 e5 16. Qe2 b5 17. a4 Bg4 18. Qd3 Qb6 19. a5 Qc7 20. Nd2 Rac8 21. Nxc4 bxc4
22. Qc2 Rfd8 23. h3 Be6 24. Be3 Bb4 25. Bb6 Qc6 26. Bxd8 Rxd8 27. Rfd1 Rd4 28.
Ne2 Rxd1+ 29. Qxd1 Nxe4 30. Qd8+ Kh7 31. Qb6 1-0

[Event "TNT April op"]
[Site "Winnipeg CAN"]
[Date "2003.04.15"]
[Round "3"]
[White "Anderson, George"]
[Black "Kohalmi, Andy"]
[Result "1-0"]
[WhiteElo "1535"]
[BlackElo "1506"]
[PlyCount "83"]
[EventDate "2003.04.01"]
[EventType "swiss"]
[EventRounds "4"]
[EventCountry "CAN"]
[Source "ChessBase"]
[SourceDate "2003.11.25"]

1. e4 c5 2. d4 cxd4 3. f4 e5 4. Nf3 d6 5. Bd3 Nc6 6. O-O Nf6 7. h3 Bd7 8. fxe5
dxe5 9. a3 h6 10. Nbd2 Bd6 11. Qe1 Be6 12. Qg3 Nh5 13. Qf2 Nf4 14. Bc4 Bxh3 15.
Qg3 Bxg2 16. Qxg7 Rf8 17. Qxh6 Bxf1 18. Nxf1 Ng6 19. Ng5 Qf6 20. Nh7 O-O-O 21.
Nxf6 Rh8 22. Nh7 Nf8 23. Qh3+ Kc7 24. Qf5 Ne7 25. Qxf7 Nxh7 26. Kg2 Rdg8+ 27.
Ng3 Rf8 28. Qe6 a6 29. Bd2 Rf6 30. Qh3 Ng6 31. Rf1 Nf4+ 32. Bxf4 exf4 33. Nf5
Be5 34. Kf2 Rg6 35. Qb3 Ng5 36. Ne7 Nxe4+ 37. Ke1 Rg3 38. Bd3 Re3+ 39. Kd1 Nc5
40. Qc4 Kd6 41. Nf5+ Kc6 42. Nxe3 1-0

[Event "TNT April op"]
[Site "Winnipeg CAN"]
[Date "2003.04.15"]
[Round "3"]
[White "Gibbons, Lorne"]
[Black "Gibson, Fred"]
[Result "1-0"]
[WhiteElo "1353"]
[BlackElo "1141"]
[PlyCount "95"]
[EventDate "2003.04.01"]
[EventType "swiss"]
[EventRounds "4"]
[EventCountry "CAN"]
[Source "ChessBase"]
[SourceDate "2003.11.25"]

1. d4 d5 2. c4 c6 3. Nc3 Nf6 4. Bf4 e6 5. e3 Bb4 6. Qb3 c5 7. a3 Bxc3+ 8. Qxc3
Ne4 9. Qc2 O-O 10. O-O-O Nd7 11. cxd5 exd5 12. f3 Nef6 13. dxc5 Qa5 14. c6 bxc6
15. Qxc6 Qc5+ 16. Qxc5 Nxc5 17. Bd6 Nb3+ 18. Kc2 Bf5+ 19. Kxb3 Rfd8 20. Bf4
Rac8 21. Rd2 Be6 22. Kb4 Rd7 23. Ba6 Rc6 24. Bd3 a5+ 25. Kxa5 Ra7+ 26. Kb4 Rb7+
27. Ka4 Bd7 28. b4 Rc2+ 29. Ka5 Rxd2 30. Ba6 Ra7 31. g4 Bc8 32. b5 Rc2 33. Kb6
Ra8 34. Bxc8 Raxc8 35. h4 Ra2 36. Bd6 Rb2 37. Kb7 Rd8 38. Bb4 Rc2 39. h5 h6 40.
Nh3 Rd7+ 41. Ka6 Ne8 42. b6 Rc6 43. Rb1 Rd8 44. Kb7 Rdc8 45. a4 f6 46. Nf4 Kf7
47. Nxd5 Ke6 48. Nc7+ 1-0

[Event "TNT April op"]
[Site "Winnipeg CAN"]
[Date "2003.04.15"]
[Round "3"]
[White "Greenberg, Harley"]
[Black "Reimer, Bruce"]
[Result "0-1"]
[WhiteElo "1766"]
[BlackElo "1318"]
[PlyCount "61"]
[EventDate "2003.04.01"]
[EventType "swiss"]
[EventRounds "4"]
[EventCountry "CAN"]
[Source "ChessBase"]
[SourceDate "2003.11.25"]

1. d4 d5 2. c4 e6 3. g3 Nf6 4. Bg2 c6 5. Nf3 Nbd7 6. O-O Be7 7. Nc3 O-O 8. Re1
Re8 9. Qc2 Bf8 10. e4 dxe4 11. Ng5 Bb4 12. a3 Bxc3 13. bxc3 h6 14. Nh3 c5 15.
f3 exf3 16. Bxf3 Rb8 17. Nf2 g5 18. Bd2 b6 19. Rad1 cxd4 20. cxd4 Bb7 21. d5
exd5 22. Bb4 Rxe1+ 23. Rxe1 dxc4 24. Be7 Qc7 25. Ne4 Nxe4 26. Bxe4 Bxe4 27.
Qxe4 Re8 28. Kf1 Nf6 29. Qd4 Rxe7 30. Qxf6 Rxe1+ 31. Kxe1 0-1

[Event "TNT April op"]
[Site "Winnipeg CAN"]
[Date "2003.04.15"]
[Round "3"]
[White "Henson, Joshua"]
[Black "Rutter, Blair"]
[Result "1-0"]
[WhiteElo "2171"]
[BlackElo "1703"]
[PlyCount "65"]
[EventDate "2003.04.01"]
[EventType "swiss"]
[EventRounds "4"]
[EventCountry "CAN"]
[Source "ChessBase"]
[SourceDate "2003.11.25"]

1. d4 d5 2. c4 e6 3. cxd5 exd5 4. Nc3 Nf6 5. Bg5 Be7 6. e3 O-O 7. Bd3 c5 8.
Nge2 Nc6 9. dxc5 Bg4 10. f3 Bh5 11. O-O Bxc5 12. Na4 Bd6 13. Nf4 Bxf4 14. exf4
Qd6 15. g4 Bg6 16. f5 Bh5 17. Bxf6 Qxf6 18. gxh5 Qg5+ 19. Kh1 Qxh5 20. f4 Qh4
21. Qe1 Qf6 22. Nc3 Rad8 23. Qg3 h6 24. Rg1 Kh8 25. Rad1 Rg8 26. Qf3 Nd4 27.
Qg2 Qc6 28. Bb1 Qc5 29. Qf2 Ne6 30. Qh4 Nd4 31. f6 Nf3 32. fxg7+ Rxg7 33. Qxh6+
1-0

[Event "TNT April op"]
[Site "Winnipeg CAN"]
[Date "2003.04.15"]
[Round "3"]
[White "Lipnowski, Samuel"]
[Black "Schulz, Waldemar"]
[Result "1-0"]
[WhiteElo "2076"]
[BlackElo "2060"]
[PlyCount "103"]
[EventDate "2003.04.01"]
[EventType "swiss"]
[EventRounds "4"]
[EventCountry "CAN"]
[Source "ChessBase"]
[SourceDate "2003.11.25"]

1. e4 d6 2. d4 Nf6 3. Nc3 g6 4. Bg5 Bg7 5. Qd2 O-O 6. Bh6 c6 7. h4 e5 8. Nge2
Re8 9. Bxg7 Kxg7 10. O-O-O Qe7 11. Ng3 h5 12. dxe5 dxe5 13. Qg5 Kh7 14. Bd3
Nbd7 15. Rdf1 Nc5 16. Qd2 Nxd3+ 17. cxd3 Be6 18. f4 exf4 19. Qxf4 Ng4 20. e5
Rad8 21. Rf3 Rf8 22. Nge4 Bd5 23. Re1 b5 24. Rg3 b4 25. Rxg4 hxg4 26. Nf6+ Kg7
27. Qg5 Qe6 28. Ne2 Qf5 29. Qe3 Bxa2 30. Nf4 Rh8 31. Rf1 Rxh4 32. N4h5+ Rxh5
33. Rxf5 Rxf5 34. Nxg4 Rh8 35. Qxa7 Bd5 36. Qe7 Rf4 37. Qg5 Rf5 38. Qe7 Rf4 39.
Qg5 Rf5 40. Qe3 Be6 41. Nf6 Rh2 42. Qg3 Rh8 43. Kd2 Rd8 44. Ke2 Ra8 45. Ke3 Ra1
46. Kd4 b3 47. Qh2 Ra4+ 48. Ke3 Rxf6 49. exf6+ Kxf6 50. Qd6 Ra6 51. Qd4+ Ke7
52. Qb4+ 1-0

[Event "TNT April op"]
[Site "Winnipeg CAN"]
[Date "2003.04.15"]
[Round "3"]
[White "Pottinger, Carl"]
[Black "Kwiatek, Jordan"]
[Result "1/2-1/2"]
[WhiteElo "1582"]
[BlackElo "1729"]
[PlyCount "73"]
[EventDate "2003.04.01"]
[EventType "swiss"]
[EventRounds "4"]
[EventCountry "CAN"]
[Source "ChessBase"]
[SourceDate "2003.11.25"]

1. d4 c5 2. Nf3 cxd4 3. Nxd4 e6 4. g3 a6 5. Bg2 Nf6 6. O-O Nc6 7. Nc3 h5 8.
Nxc6 bxc6 9. Bg5 Be7 10. Qd2 Bb7 11. e4 Ng8 12. Bxe7 Nxe7 13. Qd6 h4 14. Rad1
hxg3 15. hxg3 Rc8 16. Na4 Qc7 17. Nc5 Qxd6 18. Rxd6 Rc7 19. Rfd1 Bc8 20. Bf1
Nd5 21. exd5 exd5 22. Re1+ Kd8 23. c4 Re8 24. Rxe8+ Kxe8 25. cxd5 Ke7 26. Ne4
f5 27. Rg6 Kf7 28. Rd6 fxe4 29. dxc6 Rxc6 30. Rxc6 dxc6 31. Bg2 Bf5 32. Kf1 Kf6
33. Ke2 c5 34. Ke3 Ke5 35. Bf1 a5 36. Bc4 g5 37. Bb3 1/2-1/2

[Event "TNT April op"]
[Site "Winnipeg CAN"]
[Date "2003.04.15"]
[Round "3"]
[White "Toews, Brian"]
[Black "Estabrooks, Mike"]
[Result "0-1"]
[WhiteElo "1228"]
[BlackElo "1708"]
[PlyCount "108"]
[EventDate "2003.04.01"]
[EventType "swiss"]
[EventRounds "4"]
[EventCountry "CAN"]
[Source "ChessBase"]
[SourceDate "2003.11.25"]

1. e4 d5 2. exd5 Qxd5 3. Nc3 Qa5 4. d4 Nf6 5. Bd3 c6 6. Nf3 Bf5 7. Bxf5 Qxf5 8.
O-O e6 9. Re1 Nbd7 10. a3 Bd6 11. Qe2 h5 12. Ne4 Nxe4 13. Qxe4 O-O-O 14. Qxf5
exf5 15. g3 Rde8 16. Bf4 Bxf4 17. gxf4 Re4 18. Rxe4 fxe4 19. Ne5 Rh6 20. Re1
Re6 21. Nxf7 Rf6 22. Ng5 Rxf4 23. Rxe4 Rf5 24. Ne6 Rf6 25. Nf4 Rf5 26. Ne6 Rf6
27. Kf1 Rf7 28. Ke2 Nf6 29. Rf4 Re7 30. Kd3 Rxe6 31. f3 Kd7 32. c4 b6 33. b4
Ke7 34. Rf5 a6 35. Re5 h4 36. Rxe6+ Kxe6 37. a4 g5 38. b5 cxb5 39. cxb5 axb5
40. axb5 Kd5 41. h3 Ne8 42. Ke3 Nd6 43. f4 Nf5+ 44. Kf3 Nxd4+ 45. Ke3 gxf4+ 46.
Kxf4 Nxb5 47. Kg4 Nd6 48. Kxh4 b5 49. Kg5 b4 50. h4 b3 51. h5 b2 52. h6 b1=Q
53. Kf6 Qf5+ 54. Kg7 Ne8+ 0-1

[Event "TNT April op"]
[Site "Winnipeg CAN"]
[Date "2003.04.15"]
[Round "3"]
[White "Zaczek, Jonathan"]
[Black "Cleto, Sam"]
[Result "0-1"]
[WhiteElo "1504"]
[BlackElo "1881"]
[PlyCount "54"]
[EventDate "2003.04.01"]
[EventType "swiss"]
[EventRounds "4"]
[EventCountry "CAN"]
[Source "ChessBase"]
[SourceDate "2003.11.25"]

1. e4 c6 2. d4 d5 3. Nc3 dxe4 4. Nxe4 Bf5 5. Ng3 Bg6 6. h4 h6 7. h5 Bh7 8. Nf3
Nd7 9. Bc4 e6 10. Be3 Ngf6 11. Qd2 Qc7 12. O-O-O Nd5 13. Rhe1 Be7 14. Bxd5 cxd5
15. Ne5 Rc8 16. Re2 Nb6 17. Bxh6 gxh6 18. Qxh6 Qxc2+ 19. Rxc2 Rxc2+ 20. Kb1
Rd2+ 21. Kc1 Rc2+ 22. Kb1 Rd2+ 23. Kc1 Rxd1+ 24. Kxd1 Bc2+ 25. Kxc2 Rxh6 26.
Ng4 Rh8 27. f4 Bh4 0-1

[Event "TNT April op"]
[Site "Winnipeg CAN"]
[Date "2003.04.22"]
[Round "4"]
[White "Estabrooks, Mike"]
[Black "Reimer, Bruce"]
[Result "1-0"]
[WhiteElo "1708"]
[BlackElo "1318"]
[PlyCount "63"]
[EventDate "2003.04.01"]
[EventType "swiss"]
[EventRounds "4"]
[EventCountry "CAN"]
[Source "ChessBase"]
[SourceDate "2003.11.25"]

1. e4 d6 2. d4 Nf6 3. Nc3 g6 4. g3 Bg7 5. Bg2 O-O 6. Nge2 e5 7. dxe5 dxe5 8.
Qxd8 Rxd8 9. O-O a6 10. Be3 Nc6 11. h3 Be6 12. a3 b5 13. f4 Bc4 14. b3 Bxe2 15.
Nxe2 Nd7 16. Rad1 Bf8 17. b4 a5 18. c3 axb4 19. axb4 Ne7 20. Rd3 Nc6 21. f5
Rab8 22. fxg6 hxg6 23. Bg5 Be7 24. Bxe7 Nxe7 25. Rfd1 Nc6 26. Rxd7 Rdc8 27. Rf1
Rf8 28. Rf6 Nd8 29. Rxc7 Ne6 30. Ra7 Rbd8 31. Rb7 Rd2 32. Kf2 1-0

[Event "TNT April op"]
[Site "Winnipeg CAN"]
[Date "2003.04.22"]
[Round "4"]
[White "Henson, Joshua"]
[Black "Lipnowski, Samuel"]
[Result "0-1"]
[WhiteElo "2171"]
[BlackElo "2076"]
[PlyCount "74"]
[EventDate "2003.04.01"]
[EventType "swiss"]
[EventRounds "4"]
[EventCountry "CAN"]
[Source "ChessBase"]
[SourceDate "2003.11.25"]

1. d4 d5 2. Nf3 c6 3. g3 Nf6 4. Bg2 e6 5. O-O Nbd7 6. b3 Be7 7. c4 O-O 8. Bb2
b6 9. Nbd2 Bb7 10. Ne5 c5 11. cxd5 exd5 12. Ndf3 Rc8 13. Rc1 Re8 14. Qd3 Nxe5
15. Nxe5 Bd6 16. f4 Ne4 17. e3 Rc7 18. Bxe4 dxe4 19. Qe2 f6 20. Qc4+ Kf8 21.
dxc5 Bxc5 22. Kh1 Bd5 23. Qb5 fxe5 24. b4 a6 25. Qa4 Bxe3 26. Rxc7 Qxc7 27.
fxe5+ Ke7 28. Rd1 Qb7 29. b5 Bc5 30. h3 axb5 31. Qxb5 e3+ 32. Kh2 Rf8 33. g4
Rf2+ 34. Kg3 e2 35. Rc1 g5 36. h4 Rg2+ 37. Kh3 Bc4 0-1

[Event "TNT April op"]
[Site "Winnipeg CAN"]
[Date "2003.04.22"]
[Round "4"]
[White "Kohalmi, Andy"]
[Black "Gibson, Fred"]
[Result "1-0"]
[WhiteElo "1506"]
[BlackElo "1141"]
[PlyCount "93"]
[EventDate "2003.04.01"]
[EventType "swiss"]
[EventRounds "4"]
[EventCountry "CAN"]
[Source "ChessBase"]
[SourceDate "2003.11.25"]

1. e4 c5 2. Nf3 Nc6 3. c3 g6 4. d4 cxd4 5. cxd4 Bg7 6. Nc3 d6 7. h3 Nf6 8. Bb5
O-O 9. Bg5 Nxe4 10. Nxe4 Qa5+ 11. Nc3 Qb4 12. Bxc6 bxc6 13. Qb3 a5 14. O-O Be6
15. Qxb4 axb4 16. Ne4 Bd5 17. Ned2 f6 18. Be3 e5 19. b3 e4 20. Ne1 f5 21. f4
Be6 22. Nc2 Rfb8 23. Nc4 d5 24. Ne5 Ra6 25. Rfc1 Bf8 26. Ne1 Rc8 27. Rc2 Bd6
28. Rac1 Bxe5 29. fxe5 Kf7 30. Bd2 Rb6 31. Rc5 Bd7 32. Ra5 Rcb8 33. Rcc5 Ke7
34. Nc2 Rb5 35. Rcxb5 Rxb5 36. Rxb5 cxb5 37. Nxb4 Kd8 38. Nxd5 Kc8 39. Nb6+ Kc7
40. Nxd7 Kxd7 41. Kf2 Ke6 42. Ke3 h6 43. h4 Kd5 44. Kf4 Ke6 45. g4 fxg4 46.
Kxg4 Kd5 47. Bxh6 1-0

[Event "TNT April op"]
[Site "Winnipeg CAN"]
[Date "2003.04.22"]
[Round "4"]
[White "Kwiatek, Jordan"]
[Black "Anderson, George"]
[Result "1-0"]
[WhiteElo "1729"]
[BlackElo "1535"]
[PlyCount "75"]
[EventDate "2003.04.01"]
[EventType "swiss"]
[EventRounds "4"]
[EventCountry "CAN"]
[Source "ChessBase"]
[SourceDate "2003.11.25"]

1. d4 b5 2. e4 b4 3. Bg5 Nc6 4. c4 Bb7 5. Nf3 h6 6. Bh4 g5 7. Bg3 Bg7 8. Be2 d6
9. Qa4 Qd7 10. Qb5 Rb8 11. Nbd2 Bxd4 12. O-O Bxb2 13. Rad1 Bc8 14. Qd5 Nf6 15.
Qd3 a5 16. Nb3 a4 17. Nbd4 Nxd4 18. Nxd4 e5 19. Nf5 Nxe4 20. Bg4 Qc6 21. Rfe1
Bxf5 22. Bxf5 Nxg3 23. fxg3 Kf8 24. Rf1 Qc5+ 25. Kh1 Bd4 26. Be6 Bf2 27. Qf5
Rh7 28. Qxh7 fxe6 29. Rd2 Ke8 30. Rdxf2 d5 31. Rf8+ Qxf8 32. Rxf8+ Kxf8 33.
Qh8+ Ke7 34. Qxb8 d4 35. Qxc7+ Kf6 36. Qd8+ Kf5 37. Qf8+ Ke4 38. Qf3# 1-0